Three of a Kind - Statistics

General Stats
  • This quiz has been taken 49 times
  • The average score is 12 of 20
Answer Stats
One Two Three All Types of... % Correct
Casper Poltergeist Wraith Ghosts
98%
Greeting Credit Library Cards
86%
Soy Kidney Jelly Beans
84%
Match Comic Cook Books
74%
Retirement Surprise Pool Parties
72%
Stud Rocking Sea Horses
67%
Boxing Wedding Saturn Rings
67%
Earth Book Inch Worms
67%
Car Tree Elephant Trunks
65%
Car Bull Fog Horns
63%
Picnic Card Pool Tables
60%
Storm Needle Black Eyes
56%
Under Hound Sheep Dogs
53%
Gas Police Train Stations
51%
Crows Tender Flat Feet
49%
Match Candle Chop Sticks
49%
Head Back Tooth Aches
44%
Fist Prize Bull Fights
30%
Court Rough Light Houses
30%
Sheet Bed Slick Rocks
21%
No matching quizzes found
Score Distribution
Percent of People with Each Score
Percentile by Number Answered
Your Score History
You have not taken this quiz